| 000 | 00872cac a2200265 a 4500 | ||
|---|---|---|---|
| 003 | Co-PeBPM | ||
| 005 | 20250915152143.0 | ||
| 008 | 231129e2001||||ck a||||||||||||| ||spa|| | ||
| 020 | _a968166308X | ||
| 040 | 0 |
_aCo-PeBPM _bspa _cCo-PeBPM _erda |
|
| 041 | _aspa | ||
| 082 | 0 | 4 |
_a530 V785u _222 |
| 100 | 1 |
_aViniegra Heberlein, Fermín _eautor |
|
| 245 | 1 | 0 |
_aUna mecanica sin talachas _c/ Fermín Viniegra Heberlein |
| 250 | _aSegunda edición | ||
| 260 |
_aMéxico _b: Fondo de Cultura Económica _c, 2001 |
||
| 300 |
_a210 páginas _b: Ilustraciones a blanco y negro _c; 21 centímetros |
||
| 500 | _aIncluye índice. | ||
| 650 | 1 | 4 |
_aLeyes de Newton _2LEMB |
| 650 | 1 | 4 |
_aMecánica _2LEMB |
| 650 | 1 | 4 |
_aNewton, Isaac 1642-1727 _2LEMB |
| 650 | 1 | 4 |
_aCiencias _2LEMB |
| 942 |
_2ddc _cBK |
||
| 999 |
_c25974 _d25974 |
||